Verbal art in San Blas : Kuna culture through its discourse
| Published in: | Cambridge studies in oral and literate culture |
|---|---|
| Main Author: | |
| Content type: | Book |
| Published: |
Cambridge:
Univ. Pr.
1990
|
| Series: | Cambridge studies in oral and literate culture ; 21 |
| Source: | MPIPL_cat |
MARC
| LEADER | 00000nam a2200000 ub4500 | ||
|---|---|---|---|
| 001 | PL0053249 | ||
| 003 | PLI01000000000000000052966 | ||
| 005 | 00000000000000.0 | ||
| 008 | ||| u | ||
| 020 | |a 0-521-38513-X | ||
| 020 | |a 9780521385138 | ||
| 090 | |a 409.4-She/1 | ||
| 100 | 1 | |a Sherzer, Joel | |
| 245 | 0 | 0 | |a Verbal art in San Blas |b Kuna culture through its discourse |c Joel Sherzer |
| 260 | |a Cambridge |b Univ. Pr. |c 1990 | ||
| 300 | |a X, 280 S. | ||
| 490 | 0 | |a Cambridge studies in oral and literate culture |v 21 | |
| 830 | 0 | |w PL0000945 | |
| 852 | |c 409.4-She/1 |m BOOK | ||